Sacred Space in Early Modern Europe : (Record no. 603521)

MARC details
000 -LEADER
fixed length control field 00515nam a2200193 a 4500
008 - FIXED-LENGTH DATA ELEMENTS--GENERAL INFORMATION
fixed length control field 251221s2005##################000#0#eng##
020 ## - INTERNATIONAL STANDARD BOOK NUMBER
ISBN 9780521824873
082 04 - DEWEY DECIMAL CLASSIFICATION NUMBER
Classification number 263.04240
Item number COS
100 1# - MAIN ENTRY--AUTHOR NAME
Personal name Coster, Will,
245 10 - TITLE STATEMENT
Title Sacred Space in Early Modern Europe :
260 ## - PUBLICATION, DISTRIBUTION, ETC. (IMPRINT)
Name of publisher Cambridge University Press,
Year of publication 2005.
300 ## - PHYSICAL DESCRIPTION
Number of Pages 380 pages
650 #0 - SUBJECT ADDED ENTRY--TOPICAL TERM
Topical Term History.
942 ## - ADDED ENTRY ELEMENTS (KOHA)
Koha item type English Books
Holdings
Withdrawn status Lost status Damaged status Not for loan Home library Current library Shelving location Date acquired Full call number Accession Number Price effective from Koha item type
        Anna Centenary Library Anna Centenary Library 3RD FLOOR, B WING 22.12.2025 263.04240 COS 240657 22.12.2025 English Books

Find us on the map